|
|
|
|
| LEADER |
00000ckm a2200000 a 4500 |
| 001 |
vtls001206447 |
| 003 |
SK-MaSNL |
| 005 |
20260425234107.0 |
| 007 |
kf co |
| 008 |
230718s1990 xo g 0kuslo |
| 015 |
|
|
|a SNBG1990
|
| 035 |
|
|
|a SNK000149517
|
| 035 |
|
|
|a BF5D8C9A-E992-4B89-903C-C6C31E492D6F
|
| 035 |
|
|
|a urn:nbn:sk:snk-km00gij9
|
| 040 |
|
|
|a SNK
|b slo
|c SNK
|e AACR2
|
| 041 |
0 |
|
|a slo
|
| 043 |
|
|
|a e-xo---
|
| 044 |
|
|
|a xo
|c SK
|
| 072 |
|
7 |
|a 913
|x Regionálna geografia
|2 konspekt
|
| 080 |
|
|
|a 913(437.6)
|2 2011
|
| 080 |
|
|
|a 728.5(23)
|2 2011
|
| 080 |
|
|
|a 725.835
|2 2011
|
| 080 |
|
|
|a 725.1:613.47-026.912
|2 2011
|
| 080 |
|
|
|a 711.61
|2 2011
|
| 080 |
|
|
|a 625.712.4
|2 2011
|
| 080 |
|
|
|a 026/027
|2 2011
|
| 080 |
|
|
|a (084.121)
|2 2011
|
| 080 |
|
|
|a 655.1/.3
|2 2011
|
| 080 |
|
|
|a 061
|2 2011
|
| 080 |
|
|
|a 316.7
|2 2011
|
| 080 |
|
|
|a 640.412(23)
|2 2011
|
| 100 |
1 |
|
|a Rudnický, Viliam,
|d 1947-
|4 pht
|9 92815
|
| 245 |
1 |
0 |
|a Martin
|h grafika
|c foto: V. Rudnický, D. Slivka, B. Zemiar, F. Lašut ; grafický návrh: S. Štubňa
|
| 246 |
1 |
|
|i Názov na adresnej časti:
|a Námestie V. I. Lenina
|
| 246 |
1 |
|
|i Názov na adresnej časti:
|a Budova Matice slovenskej
|
| 246 |
1 |
|
|i Názov na adresnej časti:
|a Kúpalisko
|
| 246 |
1 |
|
|i Názov na adresnej časti:
|a Horský hotel na Podstráňach
|
| 260 |
|
|
|a Bratislava
|b ČSTK-Pressfoto
|c 1990
|e Skalica
|f Grafobal
|
| 300 |
|
|
|a 1 pohľadnica (4 čiastkové pohľady)
|b farebná
|c 11 x 15 cm
|
| 500 |
|
|
|a Názvové údaje prevzaté z obrazovej časti pohľadnice
|
| 520 |
8 |
|
|a Zobrazenie: Štyri čiastkové pohľady, každý v bielom orámovaní, všetky spolu v strieborno-bielom orámovaní. V prvom pohľade je hore modrým písmom názov. Pohľad na fontánu na námestí V. I. Lenina, dnes S. H. Vajanského , v pozadí vidno stromy, vpravo je Dom odborov. Vľavo vidno tlačiarne Neografia. Pohľad na budovu Matice slovenskej, dnes Slovenskej národnej knižnice. Pohľad na bazén plný ľudí na kúpalisku. V pozadí vidno budovy a vľavo aj vpravo okolo nich sú listnaté stromy. Pohľad na Horský Hotel Stráne, v popredí je trávnatá plocha, za hotelom sú husté a vysoké ihličnaté stromy. Vľavo hore zasahuje do záberu konár listnatého stromu
|
| 610 |
2 |
7 |
|a Matica slovenská
|2 SNKKA
|9 14662
|
| 610 |
2 |
7 |
|a Slovenská národná knižnica
|2 SNKKA
|9 30663
|
| 610 |
2 |
7 |
|a Neografia (Martin, Slovensko)
|2 SNKKA
|9 63143
|
| 650 |
0 |
7 |
|a námestia
|2 SNKPH
|9 26291
|
| 650 |
0 |
7 |
|a kultúrne domy
|2 SNKPH
|9 73211
|
| 650 |
0 |
7 |
|a polygrafia
|2 SNKPH
|9 31181
|
| 650 |
0 |
7 |
|a knižnice
|2 SNKPH
|9 17965
|
| 650 |
0 |
7 |
|a bazény
|2 SNKPH
|9 30214
|
| 650 |
0 |
7 |
|a inštitúcie a organizácie
|2 SNKPH
|9 66282
|
| 650 |
0 |
7 |
|a kultúra
|2 SNKPH
|9 886
|
| 650 |
0 |
7 |
|a kúpaliská
|2 SNKPH
|9 4394
|
| 650 |
0 |
7 |
|a horské hotely
|2 SNKPH
|9 116868
|
| 651 |
|
7 |
|a Martin (Slovensko)
|2 SNKPHgeo
|9 16875
|
| 655 |
|
7 |
|a miestne pohľadnice
|2 SNKPH
|9 70510
|
| 700 |
1 |
|
|a Slivka, Dušan,
|d 1944-
|4 pht
|9 249825
|
| 700 |
1 |
|
|a Zemiar, Bohuslav,
|d 1952-
|4 pht
|9 47876
|
| 700 |
1 |
|
|a Lašut, Filip,
|d 1945-2012
|4 pht
|9 151668
|
| 700 |
1 |
|
|a Štubňa, Stanislav
|c (grafik)
|4 art
|9 283307
|
| 852 |
|
|
|a Slovenská národná knižnica
|
| 954 |
|
|
|a pohľadnice pôvodné (slovenské)
|2 lita
|
| 958 |
|
|
|a GBN
|
| 958 |
|
|
|a GC
|
| 958 |
|
|
|a OND
|
| 999 |
|
|
|c 784277
|d 786207
|
| 952 |
|
|
|a SNK
|b SNK
|y PREZ
|7 0
|p 17A1409447
|o snkSP 142176
|i snk1839/90
|0 0
|1 0
|4 0
|d 2020-10-20
|f 1
|l 0
|r 2026-02-24 01:15:28
|w 2026-02-24
|
| 952 |
|
|
|a SNK
|b SNK
|y PREZ
|7 0
|p 17A1409463
|o snkSP 142176 D1
|i snk1840/90
|0 0
|1 0
|4 0
|d 2020-10-20
|l 0
|r 2026-02-24 01:15:29
|w 2026-02-24
|